000 00629nam a2200205Ia 4500
003 GCL
008 140319s9999 xx 000 0 ara d
040 _aGCL /
_cGCL
082 0 4 _a693
_bش ا
100 1 _aشريف على ابوالمجد
245 1 0 _aاساليب المعاينات واسباب الانهيارات /
_cشريف على ابوالمجد
260 _a[S.N] :
_bمكتبة الوفاء ،
_c1993
300 _a315 ص
490 _a
650 0 4 _aهندسة الانشاءات
650 0 4 _aالمبانى
650 0 4 _aالبناء
650 0 4 _aالانهيارات الارضية
942 _2ddc
_cBK
999 _c52699
_d52699